ბათუმის შოთა რუსთაველის სახელმწიფო უნივერსიტეტის ბიბლიოთეკა

ბუღალტერი ბიზნესში წიგნი F1: (ბიბ.ჩანაწერი № 54797)

000 -ლიდერი
ფიქსირებული სიგრძის საკონტროლო ველი 01929nam a2200313Ia 4500
001 - საკონტროლო ნომერი
საკონტროლო ველი 21866
003 - საკონტროლო ნომრის იდენტიფიკატორი
საკონტროლო ველი GE_BSU
005 - ბოლო ოპერაციის თარიღი და დრო
საკონტროლო ველი 20220616173856.0
008 - ფიქსირებული სიგრძის მონაცემთა ელემენტები - ზოგადი ინფორმაცია
ფიქსირებული სიგრძის საკონტროლო ველი 181216s ||||ge |||||||||||||| ||geo||
020 ## - წიგნის საერთაშორისო სტანდარტული ნომერი
International Standard Book Number 9781847102317(ინგლ.გამოც-ს)
040 ## - კატალოგიზაციის წყარო
Transcribing agency GE_BSU
041 ## - ენის კოდი
Language code of text/sound track or separate title geo
080 ## - უნივერსალური ათობითი კლასიფიკაციის ინდექსი
Universal Decimal Classification number 657.6+338 ბ-95
245 ## - ცნობა სათაურის შესახებ
Title ბუღალტერი ბიზნესში წიგნი F1:
Remainder of title სრული ტექსტი /
Statement of responsibility, etc წიგნის თარგმანზე და გამოცემაზე მუშაობდნენ : პროექტის ხელმძღვ-ლი ლ. ჭუმბურიძე ; პროექტ. კოორდ. კ. დათიაშვილი ; მთარგმნ. ნ. კვარაცხელია ; რედ. მ. გველესიანი.
264 ## - წარმოების, გამოცემის, დისტრიბუციის და სხვა ცნობები
გამოცემის, წარმოების, დისტრიბუციის... ადგილი თბილისი :
გამოცემის, წარმოების, დისტრიბუციის... სახელწოდება დანი,
გამოცემის, წარმოების, დისტრიბუციის... თარიღი 2011.
300 ## - ფიზიკური აღწერა
Extent 644 გვ. ;
Dimensions 29 სმ.
490 ## - სერიის ცნობა
Series statement ACCA ინგლისისა და უელსის ნაფიც სერტიფიცირებულ ბუღალტერთა ასოციაცია
546 ## - LANGUAGE NOTE
Language note პარალელური სათაური ინგლისურ ენაზე
653 ## - INDEX TERM--UNCONTROLLED
Uncontrolled term ბუღალტერი ბიზნესში
653 ## - INDEX TERM--UNCONTROLLED
Uncontrolled term წიგნი F1
653 ## - INDEX TERM--UNCONTROLLED
Uncontrolled term ეკონომიკა
653 ## - INDEX TERM--UNCONTROLLED
Uncontrolled term სრული ტექსტი
700 ## - ADDED ENTRY--PERSONAL NAME
Personal name ჭუმბურიძე, ლ.
Relator term პროექტის ხელმძღვანელი
9 (RLIN) 14123
700 ## - ADDED ENTRY--PERSONAL NAME
Personal name დათიაშვილი, კ.
Relator term პროექტის კოორდინატორი
9 (RLIN) 14124
700 ## - ADDED ENTRY--PERSONAL NAME
Personal name კვარაცხელია, ნ.
Relator term მთარგმნელი
9 (RLIN) 14125
700 ## - ADDED ENTRY--PERSONAL NAME
Personal name გველესიანი, მ.
Relator term რედაქტორი
9 (RLIN) 14108
942 ## - ADDED ENTRY ELEMENTS (KOHA)
Koha item type წიგნი
Source of classification or shelving scheme
ეგზემპლარები
ჩამოწერის სტატუსი დაკარგული ეგზემპლარის სტატუსი კლასიფიკაციის წყარო ან თაროზე გაწყობის სქემა დაზიანების სტატუსი არ გაიცემა მუდმივი მდებარეობა (დაცვის ადგილი) ამჟამინდელი ადგილსამყოფელი თაროზე განთავსების ადგილი შეძენის თარიღი ღირებულება, შესყიდვის ნორმალური ფასი სრული შენახვის შიფრი შტრიხკოდი ბოლო ოპერაციის თარიღი ეგზემპლარის მიმდევრობითი ნომერი (კეტერი?) ფასის ძალაში შესვლის თარიღი ეგზემპლარის სახეობა საჯარო შენიშვნა
          ბათუმის შოთა რუსთაველის სახელმწიფო უნივერსიტეტის მთავარი ბიბლიოთეკა ბათუმის შოთა რუსთაველის სახელმწიფო უნივერსიტეტის მთავარი ბიბლიოთეკა წიგნსაცავი 2018-12-17 29.50 657.6+338 ბ-95 56502 2018-12-17 56502 2018-12-17 წიგნი 29.50 ₾.
          ბათუმის შოთა რუსთაველის სახელმწიფო უნივერსიტეტის მთავარი ბიბლიოთეკა ბათუმის შოთა რუსთაველის სახელმწიფო უნივერსიტეტის მთავარი ბიბლიოთეკა წიგნსაცავი 2018-12-17 29.50 657.6+338 ბ-95 56503 2018-12-17 56503 2018-12-17 წიგნი 29.50 ₾.
          ბათუმის შოთა რუსთაველის სახელმწიფო უნივერსიტეტის მთავარი ბიბლიოთეკა ბათუმის შოთა რუსთაველის სახელმწიფო უნივერსიტეტის მთავარი ბიბლიოთეკა წიგნსაცავი 2018-12-17 29.50 657.6+338 ბ-95 56504 2018-12-17 56504 2018-12-17 წიგნი 29.50 ₾.
          ბათუმის შოთა რუსთაველის სახელმწიფო უნივერსიტეტის მთავარი ბიბლიოთეკა ბათუმის შოთა რუსთაველის სახელმწიფო უნივერსიტეტის მთავარი ბიბლიოთეკა წიგნსაცავი 2018-12-17 29.50 657.6+338 ბ-95 56505 2018-12-17 56505 2018-12-17 წიგნი 29.50 ₾.
          ბათუმის შოთა რუსთაველის სახელმწიფო უნივერსიტეტის მთავარი ბიბლიოთეკა ბათუმის შოთა რუსთაველის სახელმწიფო უნივერსიტეტის მთავარი ბიბლიოთეკა წიგნსაცავი 2018-12-17 29.50 657.6+338 ბ-95 56506 2018-12-17 56506 2018-12-17 წიგნი 29.50 ₾.